000 00931nam a2200217 i 4500
001 bg
245 0 _aPodstawy analityki :
_bpraca zbiorowa.
_nCz. 4,
_pElementy informatyki dla analityków /
_cpod red. Jerzego Łukasiaka ; [aut. Jerzy Łukasiak, Zygmunt Jamrógiewicz, Dorota Jachowska] ; Akademia Medyczna w Gdańsku. Wydział Farmaceutyczny. Pracownia Analizy Instrumentalnej Katedry i Zakładu Chemii Fizycznej.
260 _aGdańsk :
_bAM,
_c1990.
300 _a160 s. :
_brys., wykr.
_c24 cm.
700 1 _aŁUKASIAK, Jerzy.
_erd *ws
700 1 _aJAMRÓGIEWICZ, Zygmunt.
700 1 _aJACHOWSKA, Dorota.
710 _aAKADEMIA MEDYCZNA (Gdańsk). Wydział Farmaceutyczny. Pracownia Analizy Instrumentalnej Pracowni i Zakładu Chemii Fizycznej
020 _a8385019480
040 _cBPK
041 _apol
080 _a543(075.8)
920 _a83-85019-48-0
942 _cKS
008 s pl f |000 0 pol
999 _c6265
_d6265
856 _uhttp://koha.tu.koszalin.pl/cgi-bin/koha/opac-detail.pl?biblionumber=6265
_yKatalog online BPK